000 00473nam a2200169Ia 4500
008 160105s9999 xx 000 0 und d
020 _a2-85882-590-4
041 _afre
245 _aHygiène et production de la viande
260 _aParis
260 _c1968
500 _aCote d'origine affectée par la BC : BC_581 36/C devient TA_4671, B versé en productions animale
654 _xRACE
942 _c09
994 _a106192
999 _c6134
_d34132